000 00743nam a2200253Ia 4500
003 OSt
005 20221006154744.0
006 a|||||r|||| 00| 0
007 ta
008 221006b |||||||| |||| 00| 0 eng d
020 _a9780231123402
_c
_18.00
024 _a39,213
037 _bGift, Japan Foundation
_cTextual
040 _aEASL
_cEASL
_beng
041 _2eng
_aeng
082 _aV42,1.N12, P2
100 _aKeene Donald
_9108159
245 0 _aEmperor of Japan
_bMeiji and his world, 1852-1912
260 _aNew York
_bColumbia University Press USA
_c2002
300 _axiv,922p.
_ccm.
490 _v JEL
942 _hV42,1.N12, P2
_cTEXL
_2CC
999 _c1107299
_d1107299